000 00230nam a22000857a 4500
008 160928b xxu||||| |||| 00| 0 eng d
100 _9790
_aAggarwal.K.etal
245 _aEnglish Course-5
260 _aNew Delhi
_bS.Chand Publications
_c2011
999 _c3444
_d3444